Startup Masterclass (Record no. 362213)

MARC details
000 -LEADER
fixed length control field 00384 a2200145 4500
005 - DATE AND TIME OF LATEST TRANSACTION
control field 20241204170132.0
008 - FIXED-LENGTH DATA ELEMENTS--GENERAL INFORMATION
fixed length control field 241204b |||||||| |||| 00| 0 eng d
020 ## - INTERNATIONAL STANDARD BOOK NUMBER
International Standard Book Number 9789355516473
041 ## - LANGUAGE CODE
Language code of text/sound track or separate title English
100 ## - MAIN ENTRY--PERSONAL NAME
Author Jain S.
245 ## - TITLE STATEMENT
Title Startup Masterclass
Remainder of title : Spark Disruptive Change And Lead The Future With Your Startup
260 ## - PUBLICATION, DISTRIBUTION, ETC.
Name of publisher, distributor, etc. BPB
Date of publication, distribution, etc. 2024
300 ## - PHYSICAL DESCRIPTION
Extent 130
942 ## - ADDED ENTRY ELEMENTS (KOHA)
Koha item type Books
Holdings
Withdrawn status Lost status Source of classification or shelving scheme Damaged status Not for loan Home library Current library Date acquired Vendor Net Price Total Checkouts Full call number Barcode Date last seen Actual Price Bill Date Koha item type
    Dewey Decimal Classification     Cummins College of Engineering for Women Pune Cummins College of Engineering for Women Pune 27/11/2024 63 373.50   658.4'2 JAI CCEP-BK-67678 27/11/2024 498.00 27/11/2024 Books